[Event "18th Prague Open-A 2019"]
[Site "Prague"]
[Date "2019.01.12"]
[Round "2"]
[White "Vojta, Tomas"]
[Black "Lys, Josef"]
[Result "1/2-1/2"]
[WhiteElo "2351"]
[BlackElo "2134"]
[Annotator "TA"]
[PlyCount "121"]
[EventDate "2019.01.11"]
[EventType "swiss"]
[EventCountry "CZE"]
[SourceTitle "playchess.com"]
[Source "ChessBase"]
[SourceQuality "1"]

{[%evp 11,121,-4,-8,-5,-4,-47,-22,-28,-18,-37,-49,-42,-20,-50,-45,-41,-47,-74,-64,-93,-102,-116,-109,-112,-86,-77,-80,-112,-107,-110,-97,-103,-109,-102,-100,-102,-36,-81,-35,-81,-81,-76,-16,-16,-4,-8,-8,-9,0,-17,0,-19,-4,-11,0,0,10,18,12,24,77,78,70,75,72,61,90,84,92,20,93,104,156,110,110,110,110,110,110,110,110,110,113,100,124,124,126,125,120,93,91,81,85,26,28,28,28,0,0,0,0,0,0,0,0,0,0,0,0,0,0,0]} 1. e4 c5 2. f4 d5 3. exd5 Nf6 4. Nf3 Nxd5 5. Nc3 Nxc3 6. bxc3 {B21: Sicilian: 2 f4 and Morra Gambit} g6 {LiveBook: 6 Games} 7. Ne5 Bg7 8. Bc4 e6 $146 ({Predecessor:} 8... O-O 9. O-O Nd7 10. Qe2 Nb6 11. Bb3 Qc7 12. a4 Bxe5 13. Qxe5 Qxe5 14. fxe5 {½-½ (43) Warakomski,T (2505)-Zaika,D (2213) Suwalki 2018}) 9. O-O O-O 10. Qe2 Qc7 11. d4 Nc6 12. Be3 b6 13. Rad1 Bb7 14. Nxc6 Bxc6 15. dxc5 bxc5 16. Qf2 Rfc8 17. Ba6 Bb7 18. Bxb7 Qxb7 19. Bxc5 Bxc3 20. Rd3 Bf6 21. Rfd1 Qc7 22. Bd4 Bxd4 23. Rxd4 Qb6 (23... Rab8 $17 24. Rd7 {[#]} Rb1 $1 {[%mdl 512]} 25. Rxb1 Qxd7) 24. h3 Rc6 25. Kh2 Rac8 26. Qh4 Rf8 (26... Rxc2 $17 {White must now prevent ...Qb2.} 27. Qf6 Rf8) 27. c4 $11 Qc5 28. Qf6 Qf5 29. Qe7 Qc5 (29... Rcc8 {with more complications.} 30. R1d2 a6 31. Qa3 a5 32. Qc3 Rfe8) 30. Qh4 Qf5 31. R1d2 Rcc8 32. Rb2 a5 33. a4 Qc5 34. Qf6 Qf5 35. Qxf5 gxf5 {[%mdl 4096] Endgame KRR-KRR} (35... exf5 $11 {remains equal.} 36. Rb5 Rfe8) 36. Rb5 $16 Rc7 37. c5 Ra8 38. Kg3 f6 39. Rd6 Kf7 40. Kf3 (40. Rdb6 $16) 40... Re7 (40... Rac8 $11 {keeps the balance.}) 41. Ke3 e5 (41... Rc7 $142) 42. Rbb6 exf4+ 43. Kxf4 Re4+ 44. Kxf5 Re5+ 45. Kf4 Rxc5 46. Rxf6+ Kg7 47. Rbc6 Rd5 48. Rfd6 Rf8+ 49. Ke4 Rg5 50. Rc7+ Kg8 51. g4 h5 {[%cal Bh7h5,Bh5h4,Bh4h3][%mdl 32]} 52. Rd5 ({White should try} 52. Ra6 $16) 52... Rxd5 53. Kxd5 $11 {next Ke4 is good for White. KR-KR} Rf3 54. Ke4 Rxh3 {The position is equal.} 55. g5 h4 56. Kf5 Rd3 57. Kg6 {[#] White wants to mate with Rc8+.} Rd6+ 58. Kh5 h3 59. Rc2 Kg7 60. Rb2 Rc6 61. Rd2 {Accuracy: White = 45%, Black = 53%.} 1/2-1/2

[Event "18th Prague Open-A 2019"]
[Site "Prague"]
[Date "2019.01.12"]
[Round "2"]
[White "Pushkov, Nikolai"]
[Black "Proschmann, Tino"]
[Result "1/2-1/2"]
[WhiteElo "2309"]
[BlackElo "2127"]
[Annotator "TA"]
[PlyCount "132"]
[EventDate "2019.01.11"]
[EventType "swiss"]
[EventCountry "CZE"]
[SourceTitle "playchess.com"]
[Source "ChessBase"]
[SourceQuality "1"]

{[%evp 19,132,32,44,28,24,16,34,10,48,45,66,39,71,43,73,33,41,41,43,26,33,27,53,37,37,31,33,43,51,39,39,39,68,0,0,0,31,24,47,38,41,37,53,30,47,21,46,14,89,76,89,79,76,79,241,111,247,230,248,245,226,188,181,181,181,181,242,297,296,295,289,175,208,79,190,190,258,131,142,126,100,0,0,0,0,0,0,-8,-8,-8,-8,-8,-8,-59,-58,-46,0,0,0,0,0,0,0,0,0,0,0,0,0,0,0,0,0,0,0]} 1. Nf3 c5 2. c4 g6 3. e4 Bg7 4. d4 Qa5+ 5. Bd2 Qb6 6. Bc3 cxd4 7. Bxd4 Bxd4 8. Qxd4 Qxd4 9. Nxd4 d6 {A40: Unusual replies to 1 d4} (9... Nc6 10. Nb5 Kf8 11. Nd2 Nf6 12. f3 d6 13. Rc1 Bd7 14. Be2 a6 15. Nc3 e6 16. Kf2 Ke7 17. f4 Rac8 18. Rhd1 {0-1 (44) Triapishko,O (2500)-Zvjaginsev,V (2643) Sochi 2017}) 10. Nc3 Nf6 {LiveBook: 6 Games} 11. Be2 Nc6 {White has an edge.} 12. O-O-O $146 Bd7 13. b3 O-O 14. Kb2 a6 15. f3 Rfb8 16. Rhe1 Kf8 17. Bf1 Rd8 18. Nc2 Rab8 19. a4 a5 20. Ne3 Nb4 21. Rd2 b6 22. g3 h6 23. f4 Bc6 24. Bg2 Nd7 25. Ned5 Bxd5 26. Nxd5 (26. exd5 $14 Nc5 27. Re3) 26... Nxd5 $11 27. exd5 ({Don't play} 27. cxd5 b5 $17) 27... Nc5 28. Be4 Rb7 29. Bc2 Kg7 30. Rde2 Re8 31. Kc3 Kf6 32. Kd4 Ra7 33. h4 Kg7 (33... h5 $11 {keeps the balance.}) 34. h5 $16 Kf6 35. hxg6 fxg6 36. g4 g5 $2 (36... Rh8 $16) 37. Rf1 (37. Rh2 $18 {has better winning chances.}) 37... Kg7 (37... gxf4 $16 38. Rxf4+ Kg7) 38. fxg5 $18 hxg5 {[#]} 39. Rf5 $1 {[%cal Rf5g5]} e5+ 40. Ke3 Rh8 {intending ...Rh3+.} 41. Rxg5+ Kf8 {[#]} 42. Rh5 $1 {[%cal Rh5h8]} Kg7 (42... Kg8 {keeps fighting.} 43. Rxh8+ Kxh8 44. Rh2+ Kg8) 43. Rf2 {White threatens Rg5+ and mate.} Rxh5 44. gxh5 {[%mdl 4096] Endgame KRB-KRN} Rd7 45. Rf5 Rd8 46. Kf3 (46. Rf3 $18 {and White stays clearly on top.}) 46... Rh8 (46... Kh6 $16) 47. Rg5+ Kf7 48. Rg6 (48. Kg4 $18) 48... Rxh5 $16 {And now ...e4+! would win.} 49. Rxd6 e4+ 50. Bxe4 ({White should play} 50. Ke3 $16 Rh3+ 51. Kd4) 50... Rh3+ $11 51. Kg4 Nxe4 52. Rxb6 {KRN-KR} Rd3 53. Rb5 Nd2 54. Rxa5 Nxb3 55. Rb5 Nd2 56. Rc5 (56. Rb7+ $11 Kf6 57. a5) 56... Rd4+ $15 57. Kf5 Rxc4 58. Rxc4 {The position is equal.} Nxc4 {KN-KPP} 59. Ke4 Ke7 60. Kd4 Na5 61. Kc5 Kd7 62. Kb5 Nb3 63. Kb4 Nd4 64. Kc4 Nf5 65. Kc5 Kc7 66. a5 Kb7 {Accuracy: White = 37%, Black = 40%.} 1/2-1/2

[Event "18th Prague Open-A 2019"]
[Site "Prague"]
[Date "2019.01.12"]
[Round "2"]
[White "Kozak, Antoni"]
[Black "Pechac, Jergus"]
[Result "1-0"]
[WhiteElo "2236"]
[BlackElo "2472"]
[Annotator "TA"]
[PlyCount "69"]
[EventDate "2019.01.11"]
[EventType "swiss"]
[EventCountry "CZE"]
[SourceTitle "playchess.com"]
[Source "ChessBase"]
[SourceQuality "1"]

{[%evp 23,69,-13,41,-22,0,-54,-59,-45,-40,-56,6,0,0,-21,-20,-19,-14,-15,-13,-75,-76,-72,-68,-86,-57,-54,-51,-71,-58,-138,-85,-80,0,0,19,19,14,24,78,8,197,193,182,181,176,173,512,518]} 1. d4 d5 2. Nf3 Nf6 3. c4 e6 4. Nc3 c5 5. e3 cxd4 6. exd4 Be7 7. Bg5 O-O 8. Bd3 dxc4 9. Bxc4 b6 10. O-O Bb7 11. Re1 Nc6 12. a3 Nd5 {LiveBook: 15 Games. E57: Nimzo-Indian: Rubinstein: Main Line: 7...Nc6 8 a3 dxc4 9 Bxc4 cxd4} ({Better is} 12... Rc8 $11) (12... Rc8 13. Qd3 Nd5 14. Bxd5 Bxg5 15. Be4 g6 16. Rad1 Bf6 17. d5 exd5 18. Bxd5 Bg7 19. Nb5 Ba6 20. Qb3 Qf6 21. Nd6 Na5 22. Qa2 {1-0 (36) Ponkratov,P (2605)-Goganov,A (2564) Serpukhov 2018}) 13. Bd2 (13. Bxd5 $14 exd5 14. Bxe7 Nxe7 15. Qd3) 13... Bf6 $146 ({Predecessor:} 13... Nxc3 14. bxc3 Rc8 15. Qe2 Bf6 16. Ba2 Na5 17. Qd3 Bd5 18. Bb1 g6 19. Bh6 Re8 20. Ne5 {0-1 (35) Adams,N (2192)-Bednay,B (2169) Budapest 2006}) 14. Qa4 (14. Nxd5 $11 exd5 15. Bd3) 14... Nde7 $15 {Black is slightly better.} 15. Be3 Nf5 {[%cal Rc6d4]} (15... Nxd4 16. Nxd4 Bxd4 17. Rad1 $16) (15... Bxd4 16. Rad1 $16) 16. Rad1 Nxe3 ({Reject} 16... Ncxd4 17. Nxd4 Nxd4 18. Bxd4 $11) ({Wrong is} 16... Bxd4 $2 17. Bb5 $18) ({Black should play} 16... Na5 $15) 17. fxe3 a6 18. Bd3 g6 19. Be4 Rc8 20. d5 exd5 $1 21. Nxd5 (21. Bxd5 $11 Qe7 22. Qf4) 21... b5 $17 22. Qc2 Bg7 23. Qc5 Qe8 24. Bb1 Kh8 25. Qb6 Nd8 26. Nb4 (26. b4 $15) 26... Qe6 (26... Bxb2 $142 27. Rxd8 Rxd8 28. Qxb7 Bc3) 27. Rd6 Qg4 (27... Qe7 $17 28. Rd2 Ne6) 28. e4 $1 $11 f5 {[%cal Rf5e4] [#]} 29. Rxd8 $1 {[%mdl 512]} Rcxd8 30. Qxb7 {Black must now prevent e5.} Bxb2 (30... fxe4 $11 {remains equal.} 31. Bxe4 Bxb2) 31. e5 ({But not} 31. Qxa6 fxe4 32. Bxe4 Bc3 $11) (31. exf5 $16 gxf5 32. Nxa6) 31... Bd4+ $2 {[#]} (31... Bc3 $11 {and Black stays safe.} 32. Rf1 Qc4) 32. Kh1 $1 $18 {Hoping for Nc6.} Bc3 33. Rg1 Bxb4 34. axb4 Rfe8 $2 (34... Rde8 35. Qxa6 Qxb4) 35. Qxa6 {Precision: White = 44%, Black = 35%.} 1-0

[Event "18th Prague Open-A 2019"]
[Site "Prague"]
[Date "2019.01.12"]
[Round "2"]
[White "Sindler, Michal"]
[Black "Xiang, Zeyu"]
[Result "0-1"]
[WhiteElo "2221"]
[BlackElo "2440"]
[Annotator "TA"]
[PlyCount "62"]
[EventDate "2019.01.11"]
[EventType "swiss"]
[EventCountry "CZE"]
[SourceTitle "playchess.com"]
[Source "ChessBase"]
[SourceQuality "1"]

{[%evp 22,62,0,0,0,0,30,10,61,33,36,35,36,27,71,0,91,55,11,17,64,47,68,9,6,14,8,0,25,-92,-71,-102,-93,-493,-414,-1178,-1214,-1197,-1149,-29981,-29982,-29982,-29983]} 1. e4 c5 2. Nf3 e6 3. d3 d5 4. Nbd2 Nc6 5. g3 Nf6 6. Bg2 Be7 7. O-O O-O 8. Re1 Rb8 9. e5 {C00: French: Unusual White 2nd moves} Nd7 10. h4 (10. Nf1 b5 11. h4 d4 12. Bf4 Bb7 13. N1h2 c4 14. dxc4 bxc4 15. Nxd4 Nxd4 16. Qxd4 Bxg2 17. Kxg2 Nb6 18. Qxd8 Rfxd8 19. b3 {½-½ (41) Bailet,P (2528)-Stany,G (2491) Sautron 2017}) 10... Qc7 11. Nf1 {[%cal Bd2f1,Bf1h2,Bh2g4,Bg4h6][%mdl 32]} b5 12. Bf4 {LiveBook: 4 Games} a5 13. N1h2 Kh8 $146 ({Predecessor:} 13... a4 14. Ng4 Kh8 15. Ng5 Bxg5 16. hxg5 Ne7 17. Bf3 Bb7 18. Kg2 Ng6 19. Rh1 Nxf4+ 20. gxf4 f5 21. g6 fxg4 22. Rxh7+ Kg8 23. Rh8+ {1-0 (23) Berg,K (2427)-Husted,P (2184) Denmark 2002}) 14. Ng5 g6 ({Wrong is} 14... Ncxe5 $2 15. Qh5 $18) (14... Ndxe5 $2 15. Rxe5 $1 {[%mdl 512]} Bxg5 16. Rxg5 $16) (14... Bxg5 $11 15. hxg5 Bb7) 15. Ng4 h5 $1 {[%cal Rh5g4]} 16. Nh6 Bxg5 $1 17. hxg5 Bb7 {[#]} 18. g4 (18. Bxd5 $1 $16 {[%mdl 512]} b4 (18... exd5 19. e6) 19. Be4) 18... h4 (18... hxg4 $1 $11 {remains equal.} 19. c3 d4) 19. Bh2 d4 20. Qf3 Nb4 21. Qh3 $1 {[%cal Rh3h4]} Kg7 {aiming for ...Bxg2.} 22. Qxh4 ({White should try} 22. Bxb7 $1 $14 Qxb7 23. Re2) 22... Rh8 $1 $132 {[%mdl 2048] ...Bxg2 is the strong threat. Black has counterplay} (22... Nxc2 {[#]} 23. Nf5+ $1 {[%mdl 512]} exf5 24. Qh6+ Kg8 25. gxf5 $1 $16 {[%mdl 512]}) 23. Re2 Bxg2 24. Kxg2 Qc6+ 25. Kg1 (25. f3 $11) 25... Qf3 $17 26. Rae1 c4 27. Re4 $2 {[%mdl 8192]} (27. Qg3 $17 Qxg3+ 28. Bxg3) 27... Nxc2 28. Rc1 (28. Rf1 $142 Qxd3 29. Rf4) 28... cxd3 $19 29. Rf4 d2 {[%cal Rd2c1]} 30. Rxf3 dxc1=Q+ 31. Kg2 Ne1+ {[%mdl 64] Double Attack. Accuracy: White = 22%, Black = 63%.} 0-1

[Event "18th Prague Open-A 2019"]
[Site "Prague"]
[Date "2019.01.12"]
[Round "2"]
[White "Schnabel, Ralf"]
[Black "Liu, Guanchu"]
[Result "0-1"]
[WhiteElo "2206"]
[BlackElo "2425"]
[Annotator "TA"]
[PlyCount "88"]
[EventDate "2019.01.11"]
[EventType "swiss"]
[EventCountry "CZE"]
[SourceTitle "playchess.com"]
[Source "ChessBase"]
[SourceQuality "1"]

{[%evp 25,88,54,54,46,58,44,70,59,55,59,48,48,56,57,65,66,57,0,52,61,44,58,32,18,32,0,0,0,0,0,0,-6,-7,-36,0,0,0,0,0,-55,-62,-213,-172,-287,-326,-385,-368,-377,-338,-400,-377,-434,-382,-423,-419,-386,-405,-405,-394,-1391,-1492,-1414,-1385,-1304,-1185]} 1. e4 e6 2. d4 d5 3. Nd2 Nf6 4. e5 Nfd7 5. Bd3 c5 6. c3 b6 7. Nh3 Ba6 8. Bxa6 Nxa6 9. O-O Nc7 10. Qg4 {C06: French Tarrasch: 3...Nf6 4 e5 Nfd7 5 Bd3 main lines} c4 11. Nf4 g6 (11... b5 12. b3 g6 13. a4 a6 14. h4 h5 15. Qh3 Be7 16. bxc4 bxc4 17. Nf3 Rb8 {1-0 (59) Efimenko,Z (2689)-Socko,B (2635) Lublin 2012}) 12. Nf3 h6 13. h4 b5 {[#] LiveBook: 6 Games} 14. Qh3 $146 ({Predecessor:} 14. b3 Be7 15. a4 a6 16. Ba3 Bxa3 17. Rxa3 Qe7 18. Rfa1 {½-½ (29) Rozentalis,E (2528)-Westerberg,J (2464) Gothenburg 2015}) 14... a5 15. Ne2 Rg8 16. h5 g5 17. Nh2 f5 $1 18. exf6 $1 Nxf6 19. Ng4 Nxg4 20. Qxg4 Qd7 21. f4 (21. Bf4 $14 Bd6 22. Qg3) 21... Qh7 (21... O-O-O $1 $11) 22. f5 $14 exf5 23. Rxf5 Bd6 24. Bd2 Qd7 25. Bf4 {[%mdl 64] And now Bxd6 would win. Pin} (25. Nf4 {looks sharper.} O-O-O 26. Ng6 Rge8 27. Raf1 Re4 28. Qd1) 25... Rf8 $1 {[%cal Rf8f5]} 26. Rxf8+ $1 ({Don't blunder} 26. Bxd6 $2 Rxf5 27. Qg3 (27. Bxc7 $2 Rf1+ {[%mdl 64] Discovered Attack} 28. Rxf1 Qxg4 $19) 27... O-O-O $19) 26... Bxf8 27. Qxd7+ Kxd7 28. Bxc7 Kxc7 $11 {[%mdl 4096] Endgame KRB-KRN} 29. Ng3 Re8 30. Kf2 b4 31. Nf5 a4 32. cxb4 ({White should play} 32. Re1 $11 Rb8 33. cxb4) 32... Bxb4 $15 33. Rc1 $2 {[#]} (33. Rd1 $1 $15) 33... g4 $1 $19 34. Kg3 (34. a3 {only move.}) 34... Re4 35. Rc2 Kd7 36. Nxh6 {[#]} Be1+ $1 37. Kh2 Ke6 38. g3 Kf6 39. Kg2 Kg5 40. Nf7+ Kxh5 41. Nd6 Rxd4 42. Re2 $2 (42. Nb5 Rd3 43. Re2 Bxg3 44. Nc3) 42... Rd2 {Black is clearly winning.} 43. Rxd2 Bxd2 44. Nb5 Kg6 {Accuracy: White = 40%, Black = 85%.} 0-1

[Event "18th Prague Open-A 2019"]
[Site "Prague"]
[Date "2019.01.12"]
[Round "2"]
[White "Schmid, Thomas"]
[Black "Kacharava, Nikolozi"]
[Result "0-1"]
[WhiteElo "2201"]
[BlackElo "2397"]
[Annotator "TA"]
[PlyCount "68"]
[EventDate "2019.01.11"]
[EventType "swiss"]
[EventCountry "CZE"]
[SourceTitle "playchess.com"]
[Source "ChessBase"]
[SourceQuality "1"]

{[%evp 17,68,6,16,-25,-28,-24,-9,-6,-12,-8,-7,-30,-26,-31,-5,-52,-31,-42,0,0,14,19,23,17,93,-23,-23,-21,-30,-23,-31,-54,-56,-71,-58,-71,-79,-89,-68,-87,-71,-75,-19,-363,-363,-361,-356,-355,-329,-677,-666,-29990,-29991]} 1. e4 d6 2. d4 Nf6 3. Nc3 e5 4. Nf3 Nbd7 5. Bc4 Be7 6. a4 O-O 7. O-O a5 8. Re1 c6 9. Bb3 {C41: Philidor Defence} (9. h3 Re8 10. Ba2 Bf8 11. Be3 Qc7 12. Ng5 Re7 13. f4 b6 14. fxe5 dxe5 15. d5 cxd5 16. exd5 {1-0 (16) Wang,H (2709)-Ivanchuk,V (2726) Huaian 2017}) 9... exd4 {LiveBook: 3 Games} 10. Qxd4 Nc5 11. Ba2 {Black has an edge.} Be6 12. Bxe6 Nxe6 13. Qd3 $146 ({Predecessor:} 13. Qc4 Re8 14. h3 Nc5 15. Bg5 Nfd7 16. Bf4 {0-1 (61) Van den Dikkenberg,E (2131)-Orlov,A (2501) Tilburg 2008}) 13... Ng4 14. h3 Ne5 15. Qe2 Bf6 16. Ra3 Re8 17. Be3 d5 18. exd5 Nf4 19. Qd1 Nc4 20. Rb3 Nxb2 (20... Bxc3 $11 21. Rxc3 Nxe3 22. Rcxe3 Rxe3 23. Rxe3 Nxd5) 21. Qb1 ({Better is} 21. Qc1 $16 Nxd5 22. Nxd5 (22. Qxb2 b5 $17) 22... Qxd5 23. Rxb2 Bxb2 24. Qxb2) 21... Bxc3 $1 $11 22. Rxc3 Nxa4 23. Ra3 {aiming for dxc6.} Nxd5 24. Rxa4 Nc3 $1 {[%csl LRa4,LRb1][%mdl 64] [#] Double Attack} 25. Qa1 Nxa4 26. Qxa4 b5 $36 {[%mdl 2048] Black is on the roll.} 27. Qg4 Qf6 28. Nd4 Rad8 {Strongly threatening ...Rxd4!} 29. c3 b4 (29... Rd5 $17) 30. cxb4 $2 {[%mdl 8192] [#]} (30. Rc1 $11) 30... Rxd4 $1 $19 {[%mdl 512]} 31. Bxd4 {[%cal Re1e8]} Rxe1+ 32. Kh2 {Qc8+ would kill now.} Qd6+ {[%mdl 64] Double Attack} 33. g3 $2 (33. f4 f6 34. Bc5) 33... f6 {( -> ...Qd5)} 34. Bc5 Qd5 {Accuracy: White = 28%, Black = 58%.} 0-1

[Event "18th Prague Open-A 2019"]
[Site "Prague"]
[Date "2019.01.12"]
[Round "2"]
[White "Chernyak, Viktoria"]
[Black "Naumkin, Igor"]
[Result "0-1"]
[WhiteElo "2186"]
[BlackElo "2418"]
[Annotator "TA"]
[PlyCount "82"]
[EventDate "2019.01.11"]
[EventType "swiss"]
[EventCountry "CZE"]
[SourceTitle "playchess.com"]
[Source "ChessBase"]
[SourceQuality "1"]

{[%evp 27,82,31,22,0,0,0,11,0,37,10,18,10,30,23,31,27,74,70,67,61,64,8,19,10,32,38,56,56,81,0,0,0,0,-8,0,-72,-51,-218,-217,-218,-225,-228,-231,-204,-25,-281,-213,-200,-200,-181,-162,-449,-450,-429,-426,-427,-404]} 1. d4 Nf6 2. c4 e6 3. Nc3 Bb4 4. e3 c5 5. Nge2 d5 6. a3 Bxc3+ 7. Nxc3 cxd4 8. exd4 dxc4 9. Bxc4 Nc6 10. Be3 O-O 11. O-O b6 12. Qf3 Bb7 13. Bd3 Qd7 {E42: Nimzo-Indian: Rubinstein: 4...c5 5 Ne2} 14. Qh3 Ne7 {LiveBook: 28 Games} ({Don't go for} 14... Nxd4 $2 15. Rfd1 $18) 15. Rad1 Ng6 {[#] The position is equal.} 16. Rfe1 $146 ({Predecessor:} 16. f4 Nd5 17. f5 exf5 18. Bxf5 Qc7 19. Nxd5 Bxd5 20. Rc1 Qe7 21. Qg3 {½-½ (34) Sadler,M (2650)-Karpov,A (2735) Monte Carlo 1998}) 16... Nd5 17. Bc1 f5 18. Bb5 Bc6 19. Bf1 h6 20. Qg3 Rf6 21. Bd2 Nh8 22. Nxd5 Bxd5 23. Rc1 {And now Rc7 would win.} Rg6 24. Qh3 (24. Rc7 $14 Qd8 25. Qc3) 24... Nf7 $11 25. Rc3 Rc8 26. Rec1 Rxc3 27. Qxc3 Qe7 28. Qc7 (28. Bf4 $16) 28... Qh4 $1 {[%cal Rh4e4] Hoping for ...Qe4.} 29. Bf4 ({Avoid the trap} 29. Qxa7 $2 Qe4 $19) 29... Qg4 $1 {[%cal Rd5g2]} 30. Bg3 Qxd4 31. Qxa7 (31. b4 $11) 31... e5 $17 {Strongly threatening ...f4.} 32. Qd7 $2 (32. Qc7 $15 f4 33. Bh4) 32... f4 $1 $19 33. Bh4 Kh7 34. Qf5 Nd6 {[%cal Bf7d6,Bd6f5,Bf5d4,Bd4f3][%mdl 32]} ({Not} 34... Qxb2 35. Rb1 $17) 35. Qc2 {[#]} Be4 $2 ({Better is} 35... Bf3 $1 $19 {aiming for ...Qd5.} 36. Re1 Qd5) 36. Qc3 $2 {[%mdl 8192]} (36. Qb3 $1 $11 {and White has nothing to worry.}) 36... Nf5 37. Qxd4 Nxd4 38. Kh1 {[#]} Nf3 $1 {[%cal Rf3h4][%mdl 512]} 39. Bd3 $2 (39. Bd8 Nd2 40. f3 Nxf3 41. Rd1) (39. gxf3 Bxf3+) 39... Bxd3 {Black is clearly winning.} 40. gxf3 Be2 {[%cal Re2f3]} 41. Rc3 Rd6 {Accuracy: White = 30%, Black = 63%.} 0-1

[Event "18th Prague Open-A 2019"]
[Site "Prague"]
[Date "2019.01.12"]
[Round "2"]
[White "Pniaczek, Marek"]
[Black "Krivonosov, Oleg"]
[Result "0-1"]
[WhiteElo "2146"]
[BlackElo "2390"]
[Annotator "TA"]
[PlyCount "76"]
[EventDate "2019.01.11"]
[EventType "swiss"]
[EventCountry "CZE"]
[SourceTitle "playchess.com"]
[Source "ChessBase"]
[SourceQuality "1"]

{[%evp 20,76,45,28,42,35,43,10,28,23,37,0,45,16,10,26,18,0,44,0,0,0,0,0,0,0,10,13,11,0,0,0,0,0,0,-76,-77,-102,-17,-51,-39,-186,-181,-156,-168,-183,-134,-189,-196,-199,-196,-295,-304,-528,-435,-443,-437,-414,-307]} 1. e4 e5 2. Nf3 Nc6 3. d4 exd4 4. Nxd4 Bc5 5. Nb3 Bb6 6. Nc3 Nf6 7. Qe2 {C45: Scotch Game} d6 8. Be3 Be6 9. O-O-O Qe7 10. g3 O-O-O 11. Bg2 {LiveBook: 13 Games} Kb8 12. Rhe1 Rhe8 13. Kb1 $146 ({Predecessor:} 13. h3 Bxb3 14. axb3 Bxe3+ 15. Qxe3 {½-½ (54) Karjakin,S (2786)-Ponomariov,R (2733) Zug 2013}) 13... Qf8 14. Bxb6 axb6 15. Nd4 Bd7 16. Qf1 Nxd4 17. Rxd4 Bc6 18. b4 {[%cal Bb2b4,Bb4b5][%mdl 32]} g5 19. b5 Bd7 20. f4 gxf4 21. gxf4 d5 {And now ...dxe4 would win.} 22. e5 Ne4 23. Bxe4 dxe4 24. Red1 ({Of course not} 24. Rexe4 Bf5 $15) 24... Bg4 25. Rxd8+ Rxd8 26. Rxd8+ Qxd8 27. Nxe4 (27. Qf2 $1 $11 {keeps the balance.}) 27... Qd4 $36 {[%mdl 2048] Black is on the roll.} 28. Qe1 h6 (28... Be6 $17 {Threatening ...Qa4.} 29. a3 Qc4) 29. Ng3 Qxf4 {Threatens to win with ...h5.} 30. Kb2 ({White has to play} 30. Qe4 $15 Qg5 31. a4) 30... Qc4 31. Qe3 Qxb5+ 32. Kc1 Qc6 33. Qd4 (33. Qe4 $17 Qd7 34. Ne2) 33... Be6 $19 34. Qd8+ Ka7 35. Qe7 (35. Qd4 $142) 35... Qc3 36. Kb1 $2 {[#]} (36. Qh4) 36... Qe1+ 37. Kb2 Qxe5+ 38. c3 Qb5+ {Accuracy: White = 33%, Black = 45%.} 0-1

[Event "18th Prague Open-A 2019"]
[Site "Prague"]
[Date "2019.01.12"]
[Round "2"]
[White "Petersen, Peter Birk"]
[Black "Low, Zhen Yu Cyrus"]
[Result "0-1"]
[WhiteElo "2144"]
[BlackElo "2385"]
[Annotator "TA"]
[PlyCount "132"]
[EventDate "2019.01.11"]
[EventType "swiss"]
[EventCountry "CZE"]
[SourceTitle "playchess.com"]
[Source "ChessBase"]
[SourceQuality "1"]

{[%evp 19,132,34,70,29,29,29,27,24,35,15,42,46,54,38,54,47,54,13,51,55,56,57,55,37,47,47,56,47,53,34,62,56,65,62,74,62,100,83,87,59,57,57,55,43,81,42,57,48,57,50,69,45,45,47,43,32,32,31,56,34,61,27,59,54,58,47,58,53,47,51,47,53,58,59,65,38,68,16,43,44,97,90,150,140,132,149,149,153,143,122,150,0,142,0,134,0,151,141,184,0,100,68,78,69,69,0,0,0,0,-271,-268,-422,-422,-407,-392]} 1. e4 c5 2. Nf3 Nc6 3. d4 cxd4 4. Nxd4 Nf6 5. Nc3 d6 6. Bc4 Bd7 7. Bb3 g6 8. Be3 Ng4 {B57: Classical Sicilian: Sozin with 6...Qb6} (8... Bg7 9. f3 O-O 10. Qd2 Na5 11. h4 h5 12. O-O-O Rb8 13. g4 b5 14. gxh5 Nxh5 15. Rhg1 Nc4 16. Bxc4 bxc4 17. Bh6 Qb6 18. b3 cxb3 19. axb3 Qa5 20. Kb2 {0-1 (33) Gao,R (2561)-Xu,X (2581) Tianjin 2018}) 9. Nxc6 bxc6 10. Qf3 Nf6 {LiveBook: 4 Games. White is slightly better.} 11. h3 Bg7 12. Rd1 $146 ({Predecessor:} 12. g4 O-O 13. O-O-O Qa5 14. Kb1 Rab8 15. Rhe1 Be6 16. Bd2 {0-1 (54) Tomcsanyi,P (2235)-Wittmann,W (2370) Oberwart 1996}) 12... O-O 13. O-O Qc7 14. Qe2 Rab8 15. Rfe1 Rfd8 16. Bf4 {Strongly threatening e5.} e5 17. Bg5 Be6 18. Rd3 h6 19. Bxf6 Bxf6 20. Bxe6 fxe6 21. Qg4 Kg7 22. b3 Qe7 23. Rg3 Qf7 24. Qe2 Kh7 25. Rd1 Rd7 26. Na4 {[%cal Bc3a4,Ba4c5,Bc5d3,Bd3e1,Be1f3][%mdl 32]} Bg7 27. Rgd3 Bf8 28. Nc5 Rdd8 29. Rf3 Qe7 30. Nd3 Bg7 31. Ne1 d5 32. Rfd3 Bf6 33. Nf3 Rd7 34. Rc3 Rc7 35. g3 Qd6 36. h4 Rf8 37. Kg2 Rcf7 38. Rf1 Bg7 39. Re3 Re8 40. Rd3 Qa3 41. c3 Ref8 42. Nh2 a5 43. Rf3 a4 44. Rxf7 Rxf7 45. Qc2 axb3 46. axb3 {[%cal Ba2b3,Bb3b4][%mdl 32]} d4 47. Nf3 Qc5 48. c4 (48. Rd1 $14) 48... Qa3 49. Rb1 Ra7 (49... c5 $14) 50. Ne1 $16 Qf8 {[#]} (50... c5 $142) 51. b4 $1 Qa8 52. Nd3 Ra3 53. Rb3 Ra2 54. Rb2 Ra3 55. Rb3 (55. Nc5 $16) 55... Ra1 (55... Ra2 $11 56. Rb2 Ra3) 56. Rb1 (56. Nc5 $16) 56... Ra2 (56... Ra3 $1 $11 {remains equal.}) 57. Rb2 (57. Qd1 $16) 57... Ra7 $2 ({Black should try} 57... Ra3 $11) 58. Nc5 Bf8 59. Nd3 $2 (59. Nxe6 $18 Be7 60. Qe2) 59... Ra3 (59... Bg7 $1 $11) 60. Nxe5 c5 {[#] aiming for ...Bg7.} 61. Qe2 {Hoping for Qg4.} cxb4 62. Rd2 ({Better is} 62. Qg4 $14 Qe8 63. Qf4) 62... Bg7 $11 63. Nd3 b3 64. f3 $2 {[%mdl 8192]} (64. Qf3 $11 {and White is okay.}) 64... Ra2 $19 65. e5 (65. c5 {might work better.}) 65... Rxd2 66. Qxd2 Qa2 {Accuracy: White = 51%, Black = 38%.} 0-1